<?xml version="1.0" encoding="UTF-8"?>
<record
    xmlns:xsi="http://www.w3.org/2001/XMLSchema-instance"
    xsi:schemaLocation="http://www.loc.gov/MARC21/slim http://www.loc.gov/standards/marcxml/schema/MARC21slim.xsd"
    xmlns="http://www.loc.gov/MARC21/slim">

  <leader>01265nam a22003017a 4500</leader>
  <controlfield tag="005">20141216020002.0</controlfield>
  <controlfield tag="008">140310b        xxu||||| |||| 00| 0 spa d</controlfield>
  <datafield tag="020" ind1=" " ind2=" ">
    <subfield code="a">9789584417206</subfield>
  </datafield>
  <datafield tag="041" ind1="0" ind2=" ">
    <subfield code="a">spa</subfield>
  </datafield>
  <datafield tag="044" ind1=" " ind2=" ">
    <subfield code="a">ck</subfield>
  </datafield>
  <datafield tag="082" ind1="0" ind2="4">
    <subfield code="a">597.0986</subfield>
    <subfield code="b">S197p</subfield>
  </datafield>
  <datafield tag="245" ind1="0" ind2="0">
    <subfield code="a">Peces de la Orinoqu&#xED;a colombiana con &#xE9;nfasis en especies de inter&#xE9;s ornamental / </subfield>
    <subfield code="c">Ana Isabel Sanabria ... [et al.].</subfield>
  </datafield>
  <datafield tag="260" ind1=" " ind2=" ">
    <subfield code="a">Bogot&#xE1;</subfield>
    <subfield code="b">Universidad Nacional de Colombia</subfield>
    <subfield code="b">Ministerio de Agricultura y Desarrollo Rural</subfield>
    <subfield code="b">INCODER</subfield>
    <subfield code="c">2007.</subfield>
  </datafield>
  <datafield tag="300" ind1=" " ind2=" ">
    <subfield code="a">425 p. : </subfield>
    <subfield code="b">il. ; </subfield>
    <subfield code="c">27 cm.</subfield>
  </datafield>
  <datafield tag="504" ind1=" " ind2=" ">
    <subfield code="a">Incluye bibliograf&#xED;a.</subfield>
  </datafield>
  <datafield tag="650" ind1=" " ind2=" ">
    <subfield code="a">Peces</subfield>
    <subfield code="z"> Orinoqu&#xED;a (Regi&#xF3;n, Colombia)</subfield>
    <subfield code="9">19295</subfield>
  </datafield>
  <datafield tag="650" ind1=" " ind2=" ">
    <subfield code="a">Peces</subfield>
    <subfield code="x"> Clasificaci&#xF3;n</subfield>
    <subfield code="z"> Orinoqu&#xED;a (Regi&#xF3;n, Colombia)</subfield>
    <subfield code="9">19296</subfield>
  </datafield>
  <datafield tag="650" ind1=" " ind2="4">
    <subfield code="a">Peces tropicales</subfield>
    <subfield code="z"> Orinoqu&#xED;a (Regi&#xF3;n, Colombia)</subfield>
    <subfield code="9">19297</subfield>
  </datafield>
  <datafield tag="650" ind1=" " ind2=" ">
    <subfield code="a">Peces</subfield>
    <subfield code="z"> Orinoqu&#xED;a (Regi&#xF3;n, Colombia)</subfield>
    <subfield code="9">19298</subfield>
  </datafield>
  <datafield tag="650" ind1=" " ind2=" ">
    <subfield code="a">Peces</subfield>
    <subfield code="z"> Orinoqu&#xED;a (Regi&#xF3;n, Colombia)</subfield>
    <subfield code="v"> Fotograf&#xED;as.</subfield>
    <subfield code="9">19299</subfield>
  </datafield>
  <datafield tag="650" ind1=" " ind2="4">
    <subfield code="a">Peces ornamentales</subfield>
    <subfield code="z"> Orinoqu&#xED;a (Regi&#xF3;n, Colombia)</subfield>
    <subfield code="9">19300</subfield>
  </datafield>
  <datafield tag="700" ind1="1" ind2=" ">
    <subfield code="a">Galvis, German</subfield>
    <subfield code="9">10556</subfield>
  </datafield>
  <datafield tag="700" ind1="1" ind2=" ">
    <subfield code="a">Mojica, Jos&#xE9; Iv&#xE1;n</subfield>
    <subfield code="9">4604</subfield>
  </datafield>
  <datafield tag="700" ind1="1" ind2=" ">
    <subfield code="a">Lasso-Alcal&#xE1;, Carlos A.</subfield>
    <subfield code="9">19301</subfield>
  </datafield>
  <datafield tag="700" ind1="1" ind2=" ">
    <subfield code="a">Sanabria-Ochoa, Ana Isabel</subfield>
    <subfield code="e">ed</subfield>
    <subfield code="9">19093</subfield>
  </datafield>
  <datafield tag="700" ind1="1" ind2=" ">
    <subfield code="a">Victoria-Daza, Piedad</subfield>
    <subfield code="e">ed</subfield>
    <subfield code="9">19302</subfield>
  </datafield>
  <datafield tag="942" ind1=" " ind2=" ">
    <subfield code="2">ddc</subfield>
    <subfield code="c">Impreso</subfield>
    <subfield code="0">1</subfield>
  </datafield>
  <datafield tag="999" ind1=" " ind2=" ">
    <subfield code="c">8254</subfield>
    <subfield code="d">8254</subfield>
  </datafield>
  <datafield tag="952" ind1=" " ind2=" ">
    <subfield code="0">0</subfield>
    <subfield code="1">0</subfield>
    <subfield code="2">ddc</subfield>
    <subfield code="4">0</subfield>
    <subfield code="7">0</subfield>
    <subfield code="8">GENERAL</subfield>
    <subfield code="I">INV2017</subfield>
    <subfield code="a">Bogota</subfield>
    <subfield code="b">Bogota</subfield>
    <subfield code="d">2014-03-10</subfield>
    <subfield code="e">Instituto</subfield>
    <subfield code="g">39000.00</subfield>
    <subfield code="l">1</subfield>
    <subfield code="o">LB-597.0986 S197p</subfield>
    <subfield code="p">059946</subfield>
    <subfield code="r">2016-03-10 00:00:00</subfield>
    <subfield code="s">2014-12-15</subfield>
    <subfield code="t">Ej. 1</subfield>
    <subfield code="w">2014-03-10</subfield>
    <subfield code="x">Canje</subfield>
    <subfield code="y">LIBRO</subfield>
  </datafield>
  <datafield tag="952" ind1=" " ind2=" ">
    <subfield code="0">0</subfield>
    <subfield code="1">0</subfield>
    <subfield code="2">ddc</subfield>
    <subfield code="4">0</subfield>
    <subfield code="7">0</subfield>
    <subfield code="8">GENERAL</subfield>
    <subfield code="I">INV2017</subfield>
    <subfield code="a">Venado</subfield>
    <subfield code="b">Venado</subfield>
    <subfield code="d">2014-07-25</subfield>
    <subfield code="e">Instituto</subfield>
    <subfield code="g">39000.00</subfield>
    <subfield code="l">0</subfield>
    <subfield code="o">LB-597.0986 S197p</subfield>
    <subfield code="p">038194</subfield>
    <subfield code="r">2014-07-25 00:00:00</subfield>
    <subfield code="t">Ej. 2</subfield>
    <subfield code="w">2014-07-25</subfield>
    <subfield code="x">Canje</subfield>
    <subfield code="y">LIBRO</subfield>
  </datafield>
  <datafield tag="952" ind1=" " ind2=" ">
    <subfield code="0">0</subfield>
    <subfield code="1">0</subfield>
    <subfield code="2">ddc</subfield>
    <subfield code="4">0</subfield>
    <subfield code="7">0</subfield>
    <subfield code="8">GENERAL</subfield>
    <subfield code="I">INV2017</subfield>
    <subfield code="a">Bogota</subfield>
    <subfield code="b">Bogota</subfield>
    <subfield code="d">2015-02-13</subfield>
    <subfield code="e">Instituto</subfield>
    <subfield code="g">39000.00</subfield>
    <subfield code="l">0</subfield>
    <subfield code="o">LB-597.0986 S197p</subfield>
    <subfield code="p">038680</subfield>
    <subfield code="r">2015-02-13 00:00:00</subfield>
    <subfield code="t">Ej. 3</subfield>
    <subfield code="w">2015-02-13</subfield>
    <subfield code="x">Canje</subfield>
    <subfield code="y">LIBRO</subfield>
  </datafield>
  <datafield tag="952" ind1=" " ind2=" ">
    <subfield code="0">0</subfield>
    <subfield code="1">0</subfield>
    <subfield code="2">ddc</subfield>
    <subfield code="4">0</subfield>
    <subfield code="7">0</subfield>
    <subfield code="8">GENERAL</subfield>
    <subfield code="A">2007</subfield>
    <subfield code="I">INV2017</subfield>
    <subfield code="a">Bogota</subfield>
    <subfield code="b">Bogota</subfield>
    <subfield code="d">2015-07-24</subfield>
    <subfield code="e">Instituto</subfield>
    <subfield code="g">39000.00</subfield>
    <subfield code="l">0</subfield>
    <subfield code="o">LB-597.0986 S197p</subfield>
    <subfield code="p">039174</subfield>
    <subfield code="r">2015-07-24 00:00:00</subfield>
    <subfield code="t">Ej. 4</subfield>
    <subfield code="w">2015-07-24</subfield>
    <subfield code="x">Canje</subfield>
    <subfield code="y">LIBRO</subfield>
  </datafield>
</record>
